000 00742cam a2200241 4500
008 #DATE n1992 000 0 eng u
020 _a1857120086
035 _a(Sirsi) u120713
041 _aeng
050 _a657.3
110 _aAccounting Standards Board
_93454
240 _aFRS 2 insert replacing paragraph 98
245 _aLegal requirements in the Republic of Ireland
260 _aMilton Keynes
_bAccountancy Standard Board
_c1992
300 _a4p.
_c21cm.
490 _aASB Financial Reporting Standard
_v2
650 _aACCOUNTANCY
650 _aCOMPANY ACCOUNTS
650 _aCONSOLIDATED FINANCIAL STATEMENTS
650 _aSUBSIDARY UNDERTAKINGS
690 _aPROPERTY-PROPERTY FINANCE AND INVESTMENT
942 _n0
999 _c102550
_d102550